LEADER 01096nas 2200409 c 450 001 996213197803316 005 20230509024404.0 024 7 $aurn:nbn:de:kobv:109-1-7865653 035 $a(CKB)1000000000528648 035 $a(DE-599)ZDB2090390-X 035 $a(OCoLC)1183387247 035 $a(OCoLC)644494096 035 $a(DE-101)023959517 035 $a(EXLCZ)991000000000528648 100 $a20021009a20059999 |y | 101 0 $ager 135 $aur||||||||||| 181 $ctxt$2rdacontent 182 $cc$2rdamedia 183 $acr$2rdacarrier 200 00$aAfrica-live.de - das Afrika-Portal$edas Afrikamagazin 210 31$aBerlin$cAfrica Live Consulting$d2005- 215 $aOnline-Ressource 300 $aGesehen am 8.5.2012 517 1 $aAfrica live 608 $aWebsite$2gnd-content 676 $a330 676 $a360 676 $a320 686 $aAFRIKA$qDE-30$2fid 801 0$b0030 801 1$bDE-101 801 2$b9999 906 $aJOURNAL 912 $a996213197803316 996 $aAfrica-live.de - das Afrika-Portal$93091225 997 $aUNISA LEADER 01694nas 2200409 n 450 001 990008895320403321 005 20240229084301.0 011 $a0753-3969 035 $a000889532 035 $aFED01000889532 035 $a(Aleph)000889532FED01 035 $a000889532 091 $2CNR$aP 00064457 100 $a20161109a19829999km-y0itaa50------ba 101 0 $afre 102 $aFR 110 $aauu-------- 200 1 $aAnnales de paléontologie [1982] 207 1$a1982- 210 $aParis$cMasson;Elsevier 436 0$1001000889534$12001$aAnnales de paléontologie. Vertébrés 436 0$1001000889533$12001$aAnnales de paléontologie. Invertébrés 452 0$12001$aAnnales de paléontologie [1982] 530 0 $aAnnales de paléontologie [1982] 675 $a56 676 $a560.5 676 $a560 801 0$aIT$bACNP$c20090723 859 4 $uhttp://acnp.cib.unibo.it/cgi-ser/start/it/cnr/dc-p1.tcl?catno=43060&person=false&language=ITALIANO&libr=&libr_th=unina1$zBiblioteche che possiedono il periodico 901 $aSE 912 $a990008895320403321 958 $aBiblioteca del Gruppo Geomineralogico - Università degli studi di Napoli Federico II$b1982-2006;$c2001;$eSc. 14$fGM1 959 $aGM1 996 $aAnnales de paléontologie$9801337 997 $aUNINA AP1 8 $6866-01$aNA081 Biblioteca del Gruppo Geomineralogico - Università degli studi di Napoli Federico II$bSc. 14$elargo San Marcellino, 10, 80138 Napoli (NA)$m0812538157$nit AP2 40$aacnp.cib.unibo.it$nACNP Italian Union Catalogue of Serials$uhttp://acnp.cib.unibo.it/cgi-ser/start/it/cnr/df-p.tcl?catno=43060&language=ITALIANO&libr=&person=&B=1&libr_th=unina&proposto=NO